[Event "Amager Aabne CC-ch"]
[Site "Copenhagen"]
[Date "2014.02.04"]
[Round "1"]
[White "Stanislaus, Johann"]
[Black "Madsen, Jon Aslak"]
[Result "1-0"]
[WhiteElo "1651"]
[BlackElo "1200"]
[PlyCount "69"]
[EventDate "2014.02.04"]
[EventType "swiss"]
[EventRounds "7"]
[EventCountry "DEN"]
[SourceTitle "EXT 2025"]
[Source "ChessBase"]
[SourceDate "2024.10.14"]
[SourceVersion "1"]
[SourceVersionDate "2024.10.14"]
[SourceQuality "1"]

1. d4 d5 2. g3 Nc6 3. Bg2 Nf6 4. Nf3 Bf5 5. 0-0 e6 6. a3 Bd6 7. Nbd2 0-0 8. c4 Ne4 9. e3 Nxd2 10. Nxd2 Bd3 11. Re1 dxc4 12. Qa4 e5 13. d5 Ne7 14. Nxc4 e4 15. Nxd6 cxd6 16. Bxe4 Bxe4 17. Qxe4 Qa5 18. Rd1 Rfe8 19. b4 Qc7 20. Bb2 a5 21. Qd4 Nf5 22. Qd3 g6 23. Rac1 Qb6 24. b5 Nxe3 25. Bd4 Nxd1 26. Bxb6 Re1+ 27. Kg2 Ne3+ 28. Bxe3 Rxc1 29. Bxc1 h5 30. Qd4 Kh7 31. Qf4 Kg7 32. Bb2+ f6 33. Qxf6+ Kh6 34. h4 Re8 35. Qg7# 1-0